[Event "Montigny le Bretonneux Noel op 04th"]
[Site "Montigny le Bretonneux"]
[Date "2001.12.29"]
[Round "5.1"]
[White "Panteleev, Alexei"]
[Black "Uhoda, Philippe"]
[Result "1/2-1/2"]
[WhiteElo "1699"]
[BlackElo "2210"]
[PlyCount "121"]
[EventDate "2001.12.26"]
[EventType "swiss"]
[EventRounds "7"]
[EventCountry "FRA"]
[SourceTitle "EXT 2003"]
[Source "ChessBase"]
[SourceDate "2002.11.25"]
[SourceVersion "1"]
[SourceVersionDate "2002.11.25"]
[SourceQuality "1"]

1. e4 d6 2. d4 Nf6 3. Bd3 e5 4. c3 Nc6 5. Ne2 g6 6. Bg5 h6 7. Bh4 Bg7 8. f3 0-0 9. dxe5 Nxe5 10. Na3 d5 11. Bxf6 Bxf6 12. 0-0 Nxd3 13. Qxd3 dxe4 14. Qxd8 Rxd8 15. fxe4 Be7 16. Nd4 Bxa3 17. bxa3 c5 18. Nf3 Be6 19. Rab1 b6 20. Rb2 Rd3 21. Rc2 Rad8 22. Kf2 g5 23. h3 Kg7 24. Re1 f6 25. Re3 Rxe3 26. Kxe3 Rd1 27. Nd2 h5 28. c4 h4 29. Ke2 Rh1 30. Nf1 Kf7 31. Kf2 Ke7 32. Nd2 Kd6 33. Nf3 Rb1 34. Nd2 Ra1 35. Ke3 a6 36. Nf3 b5 37. e5+ fxe5 38. Nxg5 Bxc4 39. Ne4+ Kc6 40. Nc3 Bg8 41. Rf2 b4 42. Rf6+ Kc7 43. axb4 cxb4 44. Na4 Rxa2 45. Rxa6 Rxg2 46. Rh6 Rg3+ 47. Ke4 Rxh3 48. Kxe5 Ra3 49. Nc5 Ra5 50. Kd4 b3 51. Nxb3 Ra4+ 52. Kc3 Rc4+ 53. Kd3 Rg4 54. Nd4 Bd5 55. Ne6+ Kd7 56. Ng5 Ke7 57. Ke3 Kf8 58. Nf3 Bxf3 59. Kxf3 Ra4 60. Kg2 Kg7 61. Rb6 1/2-1/2

[Event "Montigny le Bretonneux Noel op 04th"]
[Site "Montigny le Bretonneux"]
[Date "2001.12.27"]
[Round "2.4"]
[White "Gaillard, Michel"]
[Black "Panteleev, Alexei"]
[Result "0-1"]
[WhiteElo "2100"]
[BlackElo "1699"]
[PlyCount "174"]
[EventDate "2001.12.26"]
[EventType "swiss"]
[EventRounds "7"]
[EventCountry "FRA"]
[SourceTitle "EXT 2003"]
[Source "ChessBase"]
[SourceDate "2002.11.25"]
[SourceVersion "1"]
[SourceVersionDate "2002.11.25"]
[SourceQuality "1"]

1. e4 d5 2. e5 c5 3. c3 Nc6 4. d4 cxd4 5. cxd4 Qb6 6. Ne2 Bf5 7. a3 Bxb1 8. Rxb1 e6 9. b4 Nge7 10. Qd3 Ng6 11. Be3 Be7 12. Nc3 0-0 13. Be2 Qc7 14. 0-0 a6 15. f4 Rad8 16. f5 exf5 17. Rxf5 Ngxe5 18. dxe5 d4 19. Qe4 dxe3 20. Nd5 Qd7 21. Rd1 Qe6 22. Bc4 Qh6 23. Rdf1 e2 24. Bxe2 b5 25. Bd1 Qc1 26. Bc2 Qh6 27. Nf6+ Bxf6 28. exf6 Nd4 29. fxg7 Rfe8 30. Re5 Rxe5 31. Qxe5 Nxc2 32. Qc7 Qe3+ 33. Kh1 Qe8 34. Qxc2 Rd6 35. h3 Kxg7 36. Qc3+ Kg8 37. Re1 Qc6 38. Qb2 Rg6 39. Rc1 Qf6 40. Qe2 Qe6 41. Qd3 Qd6 42. Rc8+ Kg7 43. Qc3+ Qf6 44. Kh2 Qxc3 45. Rxc3 h6 46. g4 Re6 47. Kg3 Kg6 48. Kf4 Kf6 49. h4 Kg6 50. h5+ Kf6 51. Rc5 Re1 52. Rc8 Re6 53. Rc5 Re1 54. Rf5+ Ke6 55. Rc5 Kf6 56. Rc8 Re6 57. Ra8 Rd6 58. Ke4 Re6+ 59. Kd5 Ke7 60. Kc5 Kf6 61. Ra7 Kg7 62. Kd5 Kf6 63. Rc7 Kg7 64. Rc6 Kf6 65. Rc7 Kg7 66. Ra7 Kf6 67. Kc5 Kg5 68. Rxf7 Kxg4 69. Rb7 Kxh5 70. Rb6 Rg6 71. Rxg6 Kxg6 72. Kb6 h5 73. Kxa6 h4 74. Kxb5 h3 75. a4 h2 76. a5 h1Q 77. a6 Qg1 78. Kc6 Qa7 79. b5 Kf6 80. b6 Qxa6 81. Kc7 Qc4+ 82. Kd6 Qb5 83. Kc7 Qc5+ 84. Kb7 Ke6 85. Ka6 Qa3+ 86. Kb5 Qa8 87. Kc5 Qb7 0-1

[Event "Montigny le Bretonneux Noel op 04th"]
[Site "Montigny le Bretonneux"]
[Date "2001.12.26"]
[Round "1.18"]
[White "Panteleev, Alexei"]
[Black "Richet, Clement"]
[Result "1-0"]
[WhiteElo "1699"]
[BlackElo "1150"]
[PlyCount "33"]
[EventDate "2001.12.26"]
[EventType "swiss"]
[EventRounds "7"]
[EventCountry "FRA"]
[SourceTitle "EXT 2003"]
[Source "ChessBase"]
[SourceDate "2002.11.25"]
[SourceVersion "1"]
[SourceVersionDate "2002.11.25"]
[SourceQuality "1"]

1. e4 e5 2. Nf3 Nc6 3. Bb5 d6 4. d4 exd4 5. Nxd4 Bd7 6. 0-0 Nf6 7. Bxc6 Bxc6 8. Nxc6 bxc6 9. Re1 Qe7 10. Bf4 Nd7 11. Qd4 f6 12. Qc4 d5 13. Qxc6 Rb8 14. Nd2 Rxb2 15. exd5 Qxe1+ 16. Rxe1+ Be7 17. Qe6 1-0